Gold Medal Countries at 2016 Olympics (with a map) - Statistics

General Stats
  • This quiz has been taken 504 times
  • The average score is 42 of 58
Answers on the Map
Answers color-coded by a green-red scale on the quiz's map according to % correct below.
 
Answer Stats
golds country % Correct
46 United States
99%
4 Canada
98%
26 China
98%
10 France
98%
19 Russia
98%
8 Australia
97%
7 Brazil
97%
7 Spain
97%
17 Germany
96%
8 Italy
96%
12 Japan
96%
2 Sweden
94%
3 Argentina
92%
4 New Zealand
89%
2 South Africa
89%
2 Ukraine
89%
2 Poland
88%
9 South Korea
88%
27 Great Britain
86%
3 Greece
86%
8 Netherlands
86%
1 Turkey
85%
8 Hungary
82%
3 Switzerland
82%
1 Romania
81%
2 Belgium
80%
2 Denmark
78%
6 Kenya
78%
3 Colombia
77%
1 Czechia
77%
3 Iran
77%
2 Serbia
76%
5 Cuba
75%
1 Indonesia
75%
6 Jamaica
75%
5 Croatia
74%
1 Ethiopia
74%
3 Kazakhstan
73%
2 Thailand
70%
1 Belarus
69%
2 Slovakia
69%
1 Slovenia
65%
1 Vietnam
65%
2 North Korea
64%
1 Armenia
55%
1 Azerbaijan
54%
4 Uzbekistan
54%
1 Taiwan
48%
2 Georgia
47%
1 Fiji
46%
1 Bahamas
44%
1 Singapore
41%
1 Kosovo
39%
1 Tajikistan
39%
1 Jordan
30%
1 Bahrain
26%
1 Côte d'Ivoire
23%
1 Puerto Rico
19%
No matching quizzes found
Score Distribution
Percent of People with Each Score
Percentile by Number Answered
Your Score History
You have not taken this quiz